Strategies for e-bussines : (Registro nro. 61221)
[ vista simple ]
| 000 -LEADER | |
|---|---|
| fixed length control field | 00873nam a2200229 u 4500 |
| 001 - CONTROL NUMBER | |
| control field | 61221 |
| 005 - DATE AND TIME OF LATEST TRANSACTION | |
| control field | 20180714062748.0 |
| 008 - FIXED-LENGTH DATA ELEMENTS--GENERAL INFORMATION | |
| fixed length control field | 140523s2008 enka r 000 0 eng d |
| 020 ## - INTERNATIONAL STANDARD BOOK NUMBER | |
| International Standard Book Number | 978-0-273-71028-8 |
| 082 0# - DEWEY DECIMAL CLASSIFICATION NUMBER | |
| Classification number | 658.872 |
| Item number | JEL |
| 100 1# - MAIN ENTRY--PERSONAL NAME | |
| Personal name | Jelassi, Tawfik, |
| Dates associated with a name | 1957- |
| Relator term | autor |
| 245 10 - TITLE STATEMENT | |
| Title | Strategies for e-bussines : |
| Remainder of title | creating value through electronic and mobile commerce : concepts and cases / |
| Statement of responsibility, etc. | Tawfik Jelassi, Albrecht Enders. |
| 250 ## - EDITION STATEMENT | |
| Edition statement | Second edition |
| 260 ## - PUBLICATION, DISTRIBUTION, ETC. | |
| Place of publication, distribution, etc. | Harlow, England : |
| Name of publisher, distributor, etc. | FT Prentice Hall, |
| Date of publication, distribution, etc. | 2008. |
| 300 ## - PHYSICAL DESCRIPTION | |
| Extent | xxxviii, 626 páginas : |
| Other physical details | ilustraciones ; |
| Dimensions | 23 cm. |
| 336 ## - CONTENT TYPE | |
| Content type term | texto |
| Source | rdacontent |
| 337 ## - MEDIA TYPE | |
| Media type term | sin mediación |
| Source | rdamedia |
| 338 ## - CARRIER TYPE | |
| Carrier type term | volumen |
| Source | rdacarrier |
| 650 #0 - SUBJECT ADDED ENTRY--TOPICAL TERM | |
| Topical term or geographic name entry element | Comercio electrónico |
| Geographic subdivision | Europa |
| General subdivision | Estudio de casos |
| 650 #0 - SUBJECT ADDED ENTRY--TOPICAL TERM | |
| Topical term or geographic name entry element | Industria |
| General subdivision | Innovaciones |
| -- | Aspecto económico |
| 700 1# - ADDED ENTRY--PERSONAL NAME | |
| Personal name | Enders, Albrecht |
| Relator term | autor |
| Withdrawn status | Lost status | Source of classification or shelving scheme | Damaged status | Not for loan | Collection code | Home library | Current library | Shelving location | Date acquired | Source of acquisition | Inventory number | Total Checkouts | Full call number | Barcode | Date last seen | Date last checked out | Price effective from | Koha item type |
|---|---|---|---|---|---|---|---|---|---|---|---|---|---|---|---|---|---|---|
| Dewey Decimal Classification | General | Biblioteca Karol Wojtyla | Biblioteca Karol Wojtyla | Sala general | 23/05/2014 | Compra | 151000000000000000030130 | 658.872 JEL 2008 | 91803 | 05/01/2026 | 25/01/2016 | 23/06/2014 | Libro |